000 00832cam a22002777a 4500
999 _c8460
_d8460
001 8460
003 BD-JhCC
005 20180923104318.0
008 080210s2007 ph f000 0 eng
020 _a9789715425407 (v. 1)
020 _a9789715425414 (v. 2)
035 _a(BD-JhCC)8460
040 _aDLC
_cDLC
_dBD-JhCC
041 _aeng
050 0 0 _aMLCS 2008/00753 (P)
082 _bCHI 2007
_a828
245 0 4 _aThe children's hour :
_bstories on childhood /
_cedited by Gemino H. Abad.
250 _aUP jubilee student ed.
260 _aDiliman, Quezon City :
_bThe University of the Philippines Press,
_cc2007.
300 _a2 v. ;
_c21 cm.
500 _aVol. 2 edited by Cristina Pantoja Hidalgo.
700 1 _aAbad, Gémino H.
700 1 _aPantoja-Hidalgo, Cristina,
_d1944-
942 _2ddc
_cBK